• 首页
  • 本馆介绍
  • 公告通知
  • 最新文献
  • 馆藏检索
  • 电子资源
  • 读者导购
  • 参考咨询
  • 我的图书馆
  • 登录
  • 详细信息显示
  • 放入我的书架
  • 预约/预借图书
  • 作者相关作品
  • 分类相关作品
  • 丛书相关作品
  • 出版社相关作品

书目信息

  • 表格格式
  • 工作单格式
  • 卡片格式
题名:
全球化与中东城市发展研究
    
 
作者: 车效梅 著
分册:  
出版信息: 北京   人民出版社  2013
页数: 423页
开本: 24cm
丛书名:
单 册:
中图分类: F299.37
科图分类:
主题词: 城市--Cheng Shi--发展--研究--中东
电子资源:
ISBN: 978-7-01-011907-6
000 00850nam0 22002291 450
001 349661
005 20161009085101.53
010    @a978-7-01-011907-6@dCNY69.00
100    @a20130528d2013 em y0chiy50 ea
101 0  @achi
102    @aCN@b110000
105    @ay z 000yy
106    @ar
200 1  @a全球化与中东城市发展研究@AQuan Qiu Hua Yu Zhong Dong Cheng Shi Fa Zhan Yan Jiu@f车效梅著
210    @a北京@c人民出版社@d2013
215    @a423页@d24cm
330    @a本书从全球化视野中研究了中东城市产生、发展与嬗变。内容包括:中东城市历史溯源、伊斯兰新城市文明、东西方文明不平等交往下的中东城市、全球化时期的中东城市、全球化与中东不同类型城市等。
606 0  @a城市@ACheng Shi@x发展@x研究@y中东
690    @aF299.37@v5
701  0 @a车效梅@AChe Xiao Mei@c(女,@f1964~)@4著
801  0 @aCN@bTANGWEI@20160730
905    @b0886130-4@dF299.37@e1290@f5
    
    全球化与中东城市发展研究/车效梅著.-北京:人民出版社,2013
    423页;24cm
    
    
    ISBN 978-7-01-011907-6:CNY69.00
    本书从全球化视野中研究了中东城市产生、发展与嬗变。内容包括:中东城市历史溯源、伊斯兰新城市文明、东西方文明不平等交往下的中东城市、全球化时期的中东城市、全球化与中东不同类型城市等。
●
相关链接 在E读中查询图书 在五车中查询图书 在当当中查询图书 在豆瓣中查询图书


正题名:全球化与中东城市发展研究     索取号:F299.37/1290         预约/预借

序号 登录号 条形码 馆藏地/架位号 状态 备注
1 0886130   208861301   第一样本阅览室/ [索取号:F299.37/1290] 在馆    
2 0886131   208861310   第一借阅区/ [索取号:F299.37/1290] 在馆    
3 0886132   208861329   第一借阅区/ [索取号:F299.37/1290] 在馆    
4 0886133   208861338   第一借阅区/ [索取号:F299.37/1290] 在馆    
5 0886134   208861347   经管系资料室/ [索取号:F299.37/1290] 在馆    
唐山师范学院图书馆 欢迎您!
大连网信软件有限公司© 版权所有